[Event "EU-ch Seniors 50 18th"]
[Site "Drammen"]
[Date "2018.08.12"]
[Round "9"]
[White "Johansen, Arild"]
[Black "Andersen, Glenn"]
[Result "0-1"]
[WhiteElo "1935"]
[BlackElo "1767"]
[PlyCount "84"]
[EventDate "2018.08.04"]
[EventType "swiss"]
[EventRounds "9"]
[EventCountry "NOR"]
[SourceTitle "CBM 185 Extra"]
[Source "ChessBase"]
[SourceDate "2018.07.29"]
[SourceVersion "1"]
[SourceVersionDate "2018.07.29"]
[SourceQuality "1"]

1. Nf3 d5 2. d4 Nf6 3. c4 c6 4. e3 e6 5. Nc3 Nbd7 6. Bd3 dxc4 7. Bxc4 b5 8. Bd3 a6 9. a4 b4 10. Ne4 c5 11. 0-0 Bb7 12. Nxf6+ Nxf6 13. Qe2 cxd4 14. exd4 Be7 15. Bg5 0-0 16. Rfd1 Nd5 17. Qe4 g6 18. Bh6 Re8 19. Qe5 Bf6 20. Qe2 Qd6 21. Ne5 Ne7 22. Bc4 Bd5 23. Ng4 Bg7 24. Bxg7 Kxg7 25. Bxd5 Nxd5 26. Qe5+ Qxe5 27. Nxe5 Red8 28. Rac1 Rac8 29. Rc5 Nf4 30. Rxc8 Rxc8 31. g3 Nd5 32. Nd3 Rc2 33. a5 b3 34. Rc1 Nb4 35. Rd1 Nxd3 36. Rxd3 Rxb2 37. Kg2 Kf6 38. d5 exd5 39. Rxd5 Ke6 40. Rd8 Ra2 41. Rb8 b2 42. Kf3 Kd5 0-1

[Event "EU-ch Seniors 50 18th"]
[Site "Drammen"]
[Date "2018.08.07"]
[Round "4"]
[White "Biro, Sandor"]
[Black "Johansen, Arild"]
[Result "1-0"]
[WhiteElo "2193"]
[BlackElo "1935"]
[PlyCount "63"]
[EventDate "2018.08.04"]
[EventType "swiss"]
[EventRounds "9"]
[EventCountry "NOR"]
[SourceTitle "CBM 185 Extra"]
[Source "ChessBase"]
[SourceDate "2018.07.29"]
[SourceVersion "1"]
[SourceVersionDate "2018.07.29"]
[SourceQuality "1"]

1. e4 c5 2. Nf3 Nc6 3. c3 Nf6 4. e5 Nd5 5. Bc4 e6 6. 0-0 Be7 7. d4 cxd4 8. cxd4 d6 9. Qe2 Nb6 10. Bb3 d5 11. Nc3 0-0 12. Rd1 Bd7 13. Bc2 Nb4 14. Bb1 Na4 15. Nxa4 Bxa4 16. b3 Bd7 17. a3 Nc6 18. Qd3 g6 19. Bh6 Re8 20. Qe3 f5 21. exf6 Bxf6 22. Ne5 Nxe5 23. dxe5 Bg7 24. Bf4 Qb6 25. Qg3 Rf8 26. h4 Rf7 27. Bd3 Raf8 28. Be3 Qc7 29. f4 a6 30. h5 gxh5 31. Qh3 Bh6 32. Qxh5 1-0

[Event "Arad op"]
[Site "Arad"]
[Date "2013.08.04"]
[Round "2"]
[White "Petrisor, Adrian Marian"]
[Black "Johansen, Arild"]
[Result "1-0"]
[WhiteElo "2401"]
[BlackElo "2011"]
[PlyCount "78"]
[EventDate "2013.08.03"]
[EventType "swiss"]
[EventRounds "9"]
[EventCountry "ROU"]
[SourceTitle "CBM 155 Extra"]
[Source "ChessBase"]
[SourceDate "2013.08.26"]
[SourceVersion "1"]
[SourceVersionDate "2013.08.26"]
[SourceQuality "1"]

1. e4 e5 2. Bc4 Nf6 3. d3 c6 4. Nf3 d5 5. Bb3 Bd6 6. Nc3 Be6 7. Bg5 d4 8. Ne2 Nbd7 9. c3 Bxb3 10. Qxb3 Nc5 11. Qc2 Ne6 12. Bh4 c5 13. Bxf6 Qxf6 14. Qa4+ Kf8 15. Nd2 Qe7 16. Nc4 Qc7 17. Qb3 Rb8 18. a4 g6 19. Rc1 Kg7 20. 0-0 Rhc8 21. Qd1 Qe7 22. Kh1 b6 23. g3 f6 24. f4 a6 25. a5 b5 26. Nb6 Rf8 27. c4 Nc7 28. Ng1 Ne6 29. f5 Nd8 30. fxg6 hxg6 31. Qg4 Rf7 32. Rc2 Qe6 33. Rf5 Nc6 34. Nf3 Ne7 35. Nh4 Rg8 36. Nd5 Kf8 37. Rg5 Qxg4 38. Rxg4 Nxd5 39. exd5 Rfg7 1-0

[Event "Kecskemet Caissa Rating 10"]
[Site "Kecskemet"]
[Date "2011.10.23"]
[Round "10"]
[White "Johansen, Arild"]
[Black "Erdelyi, Tamas"]
[Result "1/2-1/2"]
[WhiteElo "2075"]
[BlackElo "2176"]
[PlyCount "62"]
[EventDate "2011.10.15"]
[EventType "tourn"]
[EventRounds "10"]
[EventCountry "HUN"]
[SourceTitle "EXT 2013"]
[Source "ChessBase"]
[SourceDate "2012.11.22"]
[SourceVersion "1"]
[SourceVersionDate "2012.11.22"]
[SourceQuality "1"]

1. c4 b6 2. Nf3 Bb7 3. g3 Bxf3 4. exf3 c5 5. Bg2 Nc6 6. 0-0 g6 7. Nc3 Bg7 8. d3 Nf6 9. f4 Rc8 10. Be3 0-0 11. Rc1 e6 12. a3 d5 13. Ne2 Ng4 14. Qc2 Nh6 15. Rfd1 Nf5 16. Qb3 Na5 17. Qa2 dxc4 18. dxc4 Qe7 19. Bd2 Nc6 20. Bc3 Bxc3 21. Rxc3 Ncd4 22. Nxd4 Nxd4 23. b3 Rfd8 24. Rcd3 Rc7 25. Qb2 Rcd7 26. Kf1 Rd6 27. h4 h5 28. Qc3 Nf5 29. Be4 Rxd3 30. Rxd3 Rxd3 31. Qxd3 Nd4 1/2-1/2

[Event "Kecskemet Caissa Rating 10"]
[Site "Kecskemet"]
[Date "2011.10.19"]
[Round "6"]
[White "Keresztes, Richard"]
[Black "Johansen, Arild"]
[Result "1-0"]
[WhiteElo "2273"]
[BlackElo "2075"]
[PlyCount "47"]
[EventDate "2011.10.15"]
[EventType "tourn"]
[EventRounds "10"]
[EventCountry "HUN"]
[SourceTitle "EXT 2013"]
[Source "ChessBase"]
[SourceDate "2012.11.22"]
[SourceVersion "1"]
[SourceVersionDate "2012.11.22"]
[SourceQuality "1"]

1. d4 d5 2. c4 e6 3. Nc3 Nf6 4. Nf3 Nbd7 5. Bg5 c6 6. e3 Qa5 7. Bxf6 Nxf6 8. Nd2 dxc4 9. Nxc4 Qc7 10. Be2 Bd6 11. f4 0-0 12. 0-0 Nd5 13. Qd2 Bd7 14. Rac1 Rac8 15. a3 f6 16. b4 Rfe8 17. Ne4 Bf8 18. Nc5 b6 19. Nd3 Rb8 20. Bf3 c5 21. e4 b5 22. exd5 bxc4 23. Nxc5 Bxc5 24. dxc5 1-0

[Event "Kecskemet Caissa Rating 10"]
[Site "Kecskemet"]
[Date "2011.10.17"]
[Round "4"]
[White "Johansen, Arild"]
[Black "Zsiros, Laszlo"]
[Result "1/2-1/2"]
[WhiteElo "2075"]
[BlackElo "1918"]
[PlyCount "25"]
[EventDate "2011.10.15"]
[EventType "tourn"]
[EventRounds "10"]
[EventCountry "HUN"]
[SourceTitle "EXT 2013"]
[Source "ChessBase"]
[SourceDate "2012.11.22"]
[SourceVersion "1"]
[SourceVersionDate "2012.11.22"]
[SourceQuality "1"]

1. c4 Nf6 2. Nc3 g6 3. g3 Bg7 4. Bg2 c6 5. Nf3 0-0 6. 0-0 d5 7. cxd5 cxd5 8. d4 Nc6 9. Ne5 e6 10. Bg5 h6 11. Bxf6 Qxf6 12. Nxc6 bxc6 13. e3 1/2-1/2

[Event "Budapest FS10 FM-A"]
[Site "Budapest"]
[Date "2011.10.06"]
[Round "6"]
[White "Dancs, Zsolt"]
[Black "Johansen, Arild"]
[Result "1-0"]
[WhiteElo "2156"]
[BlackElo "2075"]
[PlyCount "97"]
[EventDate "2011.10.01"]
[EventType "tourn"]
[EventRounds "9"]
[EventCountry "HUN"]
[SourceTitle "CBM 144 Extra"]
[Source "ChessBase"]
[SourceDate "2011.10.28"]
[SourceVersion "1"]
[SourceVersionDate "2011.10.28"]
[SourceQuality "1"]

1. e4 c5 2. Nf3 Nc6 3. d4 cxd4 4. Nxd4 e5 5. Nb5 a6 6. Nd6+ Bxd6 7. Qxd6 Qf6 8. Qa3 Nge7 9. Nc3 Rb8 10. Be3 b5 11. Nd5 Nxd5 12. exd5 b4 13. Qd3 Ne7 14. g3 d6 15. Bg2 0-0 16. 0-0 Nf5 17. Bd2 Qd8 18. f4 f6 19. Be4 g6 20. fxe5 fxe5 21. g4 Ng7 22. Bxg6 hxg6 23. Qxg6 Rb7 24. Rxf8+ Qxf8 25. Rf1 Rf7 26. Rxf7 Qxf7 27. Qxf7+ Kxf7 28. Bxb4 Ne8 29. h3 Kf6 30. Kf2 Bd7 31. c4 Ke7 32. Bd2 Nf6 33. Bg5 Kf7 34. Bxf6 Kxf6 35. b4 e4 36. Ke3 Ke5 37. h4 Bxg4 38. a4 Bd7 39. b5 axb5 40. axb5 Bc8 41. h5 Kf5 42. h6 Kg6 43. Kxe4 Kxh6 44. Kd4 Kg6 45. c5 dxc5+ 46. Kxc5 Bb7 47. d6 Kf6 48. Kb6 Bc8 49. Kc7 1-0

[Event "Budapest FS10 FM-A"]
[Site "Budapest"]
[Date "2011.10.05"]
[Round "5"]
[White "Johansen, Arild"]
[Black "Jensen, Leif Haugaard"]
[Result "1/2-1/2"]
[WhiteElo "2075"]
[BlackElo "2019"]
[PlyCount "34"]
[EventDate "2011.10.01"]
[EventType "tourn"]
[EventRounds "9"]
[EventCountry "HUN"]
[SourceTitle "CBM 144 Extra"]
[Source "ChessBase"]
[SourceDate "2011.10.28"]
[SourceVersion "1"]
[SourceVersionDate "2011.10.28"]
[SourceQuality "1"]

1. c4 e5 2. g3 g6 3. Bg2 Bg7 4. Nc3 c6 5. e3 f5 6. Nge2 d6 7. 0-0 Nf6 8. d4 0-0 9. b3 Re8 10. Bb2 e4 11. Rc1 Na6 12. a3 Nc7 13. Qc2 d5 14. cxd5 Ncxd5 15. Nxd5 Nxd5 16. Nc3 Nxc3 17. Qxc3 Be6 1/2-1/2

[Event "Budapest FS10 FM-A"]
[Site "Budapest"]
[Date "2011.10.02"]
[Round "2"]
[White "Kantor, Reka"]
[Black "Johansen, Arild"]
[Result "1/2-1/2"]
[WhiteElo "1962"]
[BlackElo "2075"]
[PlyCount "37"]
[EventDate "2011.10.01"]
[EventType "tourn"]
[EventRounds "9"]
[EventCountry "HUN"]
[SourceTitle "CBM 144 Extra"]
[Source "ChessBase"]
[SourceDate "2011.10.28"]
[SourceVersion "1"]
[SourceVersionDate "2011.10.28"]
[SourceQuality "1"]

1. e4 c5 2. Nf3 Nc6 3. c4 g6 4. d4 cxd4 5. Nxd4 Bg7 6. Be3 Nf6 7. Nc3 Ng4 8. Qxg4 Nxd4 9. Qd1 Ne6 10. Be2 0-0 11. 0-0 d6 12. Rc1 Bd7 13. Qd2 Bc6 14. f3 a5 15. b3 Nc5 16. Rfd1 Re8 17. Bf1 Rc8 18. Rc2 Qb6 19. Na4 1/2-1/2

[Event "Budapest FS11 FM-A"]
[Site "Budapest"]
[Date "2009.11.16"]
[Round "10"]
[White "Mayer, Istvan"]
[Black "Johansen, Arild"]
[Result "1-0"]
[WhiteElo "2152"]
[BlackElo "2084"]
[PlyCount "97"]
[EventDate "2009.11.07"]
[EventType "tourn"]
[EventRounds "13"]
[EventCountry "HUN"]
[SourceTitle "EXT 2010"]
[Source "ChessBase"]
[SourceDate "2010.11.25"]
[SourceVersion "1"]
[SourceVersionDate "2010.11.25"]
[SourceQuality "1"]

1. e4 c5 2. Nf3 Nc6 3. Nc3 g6 4. Bc4 Bg7 5. 0-0 d6 6. Re1 e6 7. d3 Nge7 8. a3 0-0 9. Bf4 a6 10. Ba2 b5 11. Qd2 Nd4 12. Nxd4 cxd4 13. Ne2 e5 14. Bh6 Be6 15. c3 Bxa2 16. Rxa2 dxc3 17. bxc3 d5 18. exd5 Qxd5 19. Bxg7 Kxg7 20. f4 Rad8 21. fxe5 Qxd3 22. Qxd3 Rxd3 23. a4 Re3 24. axb5 axb5 25. Kf2 Rxe5 26. Nd4 Rxe1 27. Kxe1 Rb8 28. Rb2 Nf5 29. Rxb5 Re8+ 30. Kf2 Nxd4 31. cxd4 Re4 32. d5 h6 33. Kf3 Re8 34. h4 h5 35. Kf4 Kf6 36. Rb6+ Kg7 37. d6 f6 38. Rb7+ Kf8 39. g4 hxg4 40. h5 gxh5 41. Kf5 Re1 42. Rb8+ Kf7 43. d7 Rf1+ 44. Ke4 f5+ 45. Ke5 Rd1 46. d8Q Rxd8 47. Rxd8 g3 48. Kxf5 g2 49. Rd1 1-0

[Event "Budapest FS11 FM-A"]
[Site "Budapest"]
[Date "2009.11.13"]
[Round "7"]
[White "Zoltan, Andras"]
[Black "Johansen, Arild"]
[Result "1/2-1/2"]
[WhiteElo "1995"]
[BlackElo "2084"]
[PlyCount "37"]
[EventDate "2009.11.07"]
[EventType "tourn"]
[EventRounds "13"]
[EventCountry "HUN"]
[SourceTitle "EXT 2010"]
[Source "ChessBase"]
[SourceDate "2010.11.25"]
[SourceVersion "1"]
[SourceVersionDate "2010.11.25"]
[SourceQuality "1"]

1. e4 c5 2. d4 cxd4 3. c3 dxc3 4. Nxc3 e6 5. Nf3 d6 6. Bc4 Nc6 7. 0-0 Nf6 8. Qe2 Be7 9. Rd1 Qc7 10. Bf4 e5 11. Bg5 a6 12. Rac1 0-0 13. Nd5 Qd8 14. Nxe7+ Qxe7 15. Bd5 Bd7 16. Qd2 Rfd8 17. Rc3 Rac8 18. Rd3 Bg4 19. Bxc6 1/2-1/2

[Event "Budapest FS11 FM-A"]
[Site "Budapest"]
[Date "2009.11.08"]
[Round "2"]
[White "Johansen, Arild"]
[Black "Henrichsen, Jens"]
[Result "1-0"]
[WhiteElo "2084"]
[BlackElo "1975"]
[PlyCount "81"]
[EventDate "2009.11.07"]
[EventType "tourn"]
[EventRounds "13"]
[EventCountry "HUN"]
[SourceTitle "EXT 2010"]
[Source "ChessBase"]
[SourceDate "2010.11.25"]
[SourceVersion "1"]
[SourceVersionDate "2010.11.25"]
[SourceQuality "1"]

1. c4 Nf6 2. g3 e6 3. Bg2 c5 4. Nf3 b6 5. 0-0 Bb7 6. Nc3 a6 7. Re1 Be7 8. e4 d6 9. d4 cxd4 10. Nxd4 Qc7 11. Qe2 0-0 12. Be3 Nbd7 13. Rac1 Rac8 14. b3 Qb8 15. f4 Nc5 16. Bf2 Rfd8 17. f5 e5 18. Nc2 b5 19. g4 bxc4 20. bxc4 Qc7 21. h4 Nxg4 22. Qxg4 Nd3 23. Ne3 Nxe1 24. Rxe1 Bf8 25. h5 Kh8 26. Ncd5 Bxd5 27. Nxd5 Qb7 28. Bh4 Qa7+ 29. Kh2 Re8 30. h6 Rxc4 31. hxg7+ Bxg7 32. Nf6 Rb8 33. Qh5 h6 34. Ng4 f6 35. Nxh6 Bxh6 36. Qxh6+ Qh7 37. Qxf6+ Kg8 38. Re3 Rc7 39. Rh3 Rb2 40. Qe6+ Rf7 41. Bf6 1-0

[Event "Budapest FS11 FM-A"]
[Site "Budapest"]
[Date "2009.11.07"]
[Round "1"]
[White "Radnai, Adam"]
[Black "Johansen, Arild"]
[Result "1-0"]
[WhiteElo "2229"]
[BlackElo "2084"]
[PlyCount "67"]
[EventDate "2009.11.07"]
[EventType "tourn"]
[EventRounds "13"]
[EventCountry "HUN"]
[SourceTitle "EXT 2010"]
[Source "ChessBase"]
[SourceDate "2010.11.25"]
[SourceVersion "1"]
[SourceVersionDate "2010.11.25"]
[SourceQuality "1"]

1. e4 c6 2. Ne2 d5 3. e5 e6 4. d4 c5 5. c3 Nc6 6. a3 Nge7 7. b4 cxd4 8. cxd4 Nf5 9. Bb2 Bd7 10. Ng3 Nh4 11. Nd2 Be7 12. Nf3 0-0 13. Nxh4 Bxh4 14. Bd3 f5 15. 0-0 g6 16. Ne2 Rc8 17. Nc3 a6 18. Re1 Be7 19. Bf1 Na7 20. Qb3 Bb5 21. Nxb5 axb5 22. a4 Qb6 23. Red1 Rc6 24. axb5 Nxb5 25. Ra5 Nc7 26. Ba3 Ra8 27. Qa4 Re8 28. b5 Rc2 29. Bxe7 Rxe7 30. Ra1 Rd2 31. Qb4 Qxd4 32. Qxe7 Qxf2+ 33. Kh1 Qxg2+ 34. Bxg2 1-0

[Event "Gausdal Classics op 2nd"]
[Site "Gausdal"]
[Date "2003.10.26"]
[Round "8"]
[White "Bryn, Askild"]
[Black "Johansen, Arild"]
[Result "1/2-1/2"]
[WhiteElo "1574"]
[BlackElo "2097"]
[PlyCount "27"]
[EventDate "2003.10.??"]
[EventType "swiss"]
[EventRounds "11"]
[EventCountry "NOR"]
[SourceTitle "EXT 2005"]
[Source "ChessBase"]
[SourceDate "2004.11.15"]
[SourceVersion "1"]
[SourceVersionDate "2004.11.15"]
[SourceQuality "1"]

1. c4 c5 2. Nc3 Nc6 3. g3 g6 4. Bg2 Bg7 5. d3 e6 6. e4 Nge7 7. Nge2 d6 8. 0-0 0-0 9. Be3 Nd4 10. Qd2 Nec6 11. Bh6 a6 12. Bxg7 Kxg7 13. Nxd4 Nxd4 14. Ne2 1/2-1/2

[Event "Gausdal Classics op 2nd"]
[Site "Gausdal"]
[Date "2003.10.22"]
[Round "2"]
[White "Aandal, Kristian"]
[Black "Johansen, Arild"]
[Result "1-0"]
[WhiteElo "1228"]
[BlackElo "2097"]
[PlyCount "51"]
[EventDate "2003.10.??"]
[EventType "swiss"]
[EventRounds "11"]
[EventCountry "NOR"]
[SourceTitle "EXT 2005"]
[Source "ChessBase"]
[SourceDate "2004.11.15"]
[SourceVersion "1"]
[SourceVersionDate "2004.11.15"]
[SourceQuality "1"]

1. d4 Nf6 2. c4 e6 3. Nc3 d5 4. Bg5 Nbd7 5. Nf3 c6 6. e3 Qa5 7. Nd2 dxc4 8. Bxf6 Nxf6 9. Bxc4 Be7 10. Qc2 0-0 11. 0-0 Bd7 12. Bd3 h6 13. e4 Rac8 14. Rac1 b5 15. Nb3 Qb6 16. Qe2 a6 17. e5 Nd5 18. Qe4 f5 19. exf6 Nxf6 20. Qe3 Rfd8 21. Qg3 c5 22. dxc5 Bxc5 23. Nxc5 Rxc5 24. Ne4 Nxe4 25. Bxe4 Bc6 26. Qe3 1-0

[Event "NOR-ch op 34th"]
[Site "Oslo"]
[Date "2003.04.20"]
[Round "9"]
[White "Johansen, Arild"]
[Black "Gronnestad, Anita"]
[Result "1/2-1/2"]
[WhiteElo "2097"]
[BlackElo "2007"]
[PlyCount "27"]
[EventDate "2003.04.12"]
[EventType "swiss"]
[EventRounds "9"]
[EventCountry "NOR"]
[SourceTitle "EXT 2004"]
[Source "ChessBase"]
[SourceDate "2003.11.25"]
[SourceVersion "1"]
[SourceVersionDate "2003.11.25"]
[SourceQuality "1"]

1. e4 c5 2. Nc3 d6 3. g3 Nc6 4. Bg2 Nf6 5. d3 g6 6. f4 Bg7 7. Nf3 0-0 8. 0-0 Bd7 9. Nh4 Qc8 10. f5 Nd4 11. g4 Bc6 12. h3 b5 13. Ne2 Nxe2+ 14. Qxe2 1/2-1/2

[Event "Gausdal Classics Elo"]
[Site "Gausdal"]
[Date "2002.04.12"]
[Round "1"]
[White "Valaker, Ole Johan"]
[Black "Johansen, Arild"]
[Result "1-0"]
[WhiteElo "2116"]
[BlackElo "2109"]
[PlyCount "78"]
[EventDate "2002.04.11"]
[EventType "tourn"]
[EventRounds "9"]
[EventCountry "NOR"]
[SourceTitle "EXT 2003"]
[Source "ChessBase"]
[SourceDate "2002.11.25"]
[SourceVersion "1"]
[SourceVersionDate "2002.11.25"]
[SourceQuality "1"]

1. d4 d5 2. Nf3 Nf6 3. Bg5 c6 4. c3 Bf5 5. Nbd2 Nbd7 6. Qb3 Qb6 7. e3 h6 8. Bh4 e6 9. Be2 Bd6 10. 0-0 0-0 11. c4 Rfe8 12. Rfc1 Qxb3 13. Nxb3 Ne4 14. Nfd2 g5 15. Nxe4 Bxe4 16. Bg3 Bxg3 17. hxg3 Rac8 18. cxd5 Bxd5 19. Na5 Rc7 20. Bd3 f5 21. b4 Rec8 22. Rc2 Kf7 23. Rac1 Ke7 24. f3 b6 25. Nc4 c5 26. bxc5 bxc5 27. Na5 Kd6 28. e4 fxe4 29. fxe4 Ba8 30. e5+ Ke7 31. Bb5 Be4 32. Bxd7 Rxd7 33. Rxc5 Rxc5 34. dxc5 Rd2 35. c6 Kd8 36. c7+ Kc8 37. Nc4 Rxg2+ 38. Kf1 Kxc7 39. Ne3+ Rc2 1-0

[Event "Gausdal Classics Elo"]
[Site "Gausdal"]
[Date "2002.??.??"]
[Round "6"]
[White "Pedersen, Oyvind"]
[Black "Johansen, Arild"]
[Result "1/2-1/2"]
[WhiteElo "2051"]
[BlackElo "2109"]
[PlyCount "29"]
[EventDate "2002.04.11"]
[EventType "tourn"]
[EventRounds "9"]
[EventCountry "NOR"]
[SourceTitle "EXT 2003"]
[Source "ChessBase"]
[SourceDate "2002.11.25"]
[SourceVersion "1"]
[SourceVersionDate "2002.11.25"]
[SourceQuality "1"]

1. e4 c5 2. c3 Nf6 3. e5 Nd5 4. d4 cxd4 5. cxd4 e6 6. Nf3 b6 7. Bd3 Bb4+ 8. Bd2 Bxd2+ 9. Qxd2 Ba6 10. Nc3 Bxd3 11. Qxd3 Nxc3 12. Qxc3 Nc6 13. 0-0 Rc8 14. Qa3 Qe7 15. Qxe7+ 1/2-1/2

[Event "Troll Masters"]
[Site "Gausdal"]
[Date "1999.01.10"]
[Round "2"]
[White "Johansen, Arild"]
[Black "Trygstad, Kristian J"]
[Result "1/2-1/2"]
[WhiteElo "2120"]
[BlackElo "2255"]
[PlyCount "111"]
[EventDate "1999.01.??"]
[EventType "swiss"]
[EventRounds "9"]
[EventCountry "NOR"]
[SourceTitle "CBM 068 Extra"]
[Source "ChessBase"]
[SourceDate "1999.03.01"]
[SourceVersion "1"]
[SourceVersionDate "1999.03.01"]
[SourceQuality "1"]

1. d4 Nf6 2. c4 g6 3. Nc3 Bg7 4. e4 d6 5. Be2 0-0 6. Nf3 e5 7. dxe5 dxe5 8. Qxd8 Rxd8 9. Bg5 Re8 10. Nd5 Nxd5 11. cxd5 c6 12. Bc4 cxd5 13. Bxd5 Nd7 14. Nd2 Nc5 15. Ke2 Be6 16. Be3 Bxd5 17. Bxc5 Be6 18. Rac1 Red8 19. Rhd1 f5 20. f3 b6 21. Be3 Rd7 22. b3 h6 23. h3 f4 24. Bf2 Kf7 25. Nc4 Rad8 26. Rxd7+ Rxd7 27. Nb2 Bf8 28. Nd3 Bd6 29. Be1 g5 30. Bc3 Rc7 31. Bb2 Rxc1 32. Bxc1 a5 33. Bb2 Kf6 34. Kd2 Bc8 35. Bc3 Ba6 36. Kc2 Ke6 37. Bb2 h5 38. Kd2 Bb7 39. Bc3 g4 40. hxg4 hxg4 41. Ke2 g3 42. Bb2 Ba6 43. Kd2 Bb5 44. Bc3 a4 45. bxa4 Bxa4 46. Bb2 Bb5 47. Bc3 Bc4 48. a4 Bc7 49. Kc2 Ba6 50. a5 Bxd3+ 51. Kxd3 bxa5 52. Kc4 Kd6 53. Kb5 Bd8 54. Bd2 a4 55. Kxa4 Kc5 56. Bc3 1/2-1/2

[Event "Troll Masters"]
[Site "Gausdal"]
[Date "1999.01.09"]
[Round "1"]
[White "Ornstein, Axel"]
[Black "Johansen, Arild"]
[Result "1-0"]
[WhiteElo "2425"]
[BlackElo "2120"]
[PlyCount "83"]
[EventDate "1999.01.??"]
[EventType "swiss"]
[EventRounds "9"]
[EventCountry "NOR"]
[SourceTitle "CBM 068 Extra"]
[Source "ChessBase"]
[SourceDate "1999.03.01"]
[SourceVersion "1"]
[SourceVersionDate "1999.03.01"]
[SourceQuality "1"]

1. Nf3 Nf6 2. c4 e6 3. Nc3 d5 4. d4 c6 5. Qb3 Nbd7 6. Bg5 Be7 7. e3 0-0 8. Rc1 Qb6 9. Qc2 Re8 10. a3 a5 11. Bd3 dxc4 12. Bxc4 h6 13. Bh4 Nd5 14. Bxe7 Rxe7 15. 0-0 Nxc3 16. Qxc3 Qc7 17. Rfd1 e5 18. d5 cxd5 19. Rxd5 e4 20. Nd4 Nf6 21. Rc5 Qb6 22. Ba2 Bg4 23. h3 Bh5 24. Nb5 Rd8 25. Nd4 Ra8 26. Rb5 Qd8 27. Qb3 Qd7 28. Nf5 Ree8 29. g4 Bg6 30. Rxb7 Qd2 31. Rd1 Qe2 32. Nd4 Qa6 33. Rc1 Rac8 34. Rcc7 Rxc7 35. Rxc7 Kh7 36. Qb7 Qxb7 37. Rxb7 Kg8 38. Ra7 Re5 39. Bc4 Rc5 40. b3 Kf8 41. Ra8+ Ke7 42. Rxa5 1-0

[Event "NOR-ch op"]
[Site "Gausdal"]
[Date "1999.??.??"]
[Round "7"]
[White "Hersvik, Daniel"]
[Black "Johansen, Arild"]
[Result "1/2-1/2"]
[WhiteElo "2080"]
[BlackElo "2120"]
[PlyCount "47"]
[EventDate "1999.04.??"]
[EventType "swiss"]
[EventRounds "9"]
[EventCountry "NOR"]
[SourceTitle "CBM 070 Extra"]
[Source "ChessBase"]
[SourceDate "1999.07.10"]
[SourceVersion "1"]
[SourceVersionDate "1999.07.10"]
[SourceQuality "1"]

1. e4 c5 2. Nf3 Nc6 3. d4 cxd4 4. c3 dxc3 5. Nxc3 d6 6. Bc4 e6 7. 0-0 Nf6 8. Qe2 Be7 9. Rd1 e5 10. h3 0-0 11. Be3 Be6 12. Bxe6 fxe6 13. Rd2 a6 14. Rad1 b5 15. Ng5 Qc8 16. Rc1 h6 17. Nf3 Qb7 18. Qd3 Rac8 19. Nh4 Nb4 20. Qe2 Nxe4 21. Ng6 Nxd2 22. Nxf8 Bxf8 23. Bxd2 Nd5 24. Qg4 1/2-1/2